000 00409nam a22001577a 4500
005 20230112120846.0
008 200225b xxu||||| |||| 00| 0 eng d
020 _a81-239-0683-8
041 _aeng
100 _aGUPTA, A.K. AND JAIN, V.K.
_95133
245 _aPHARMACEUTICS - I (PRACTICAL NOTE BOOK)
260 _aNEW DELHI
_bCBS
_c1996
300 _a97p,
650 _aPHARMACY
_xB.PHARMA
_97083
942 _cBK
999 _c6040
_d6038